000 00501nam a2200157Ia 4500
008 090124s9999 xx 000 0 und d
082 _b17778
_a480
245 _a सार्थ श्रीतुलसी रामायण
250 _a1
260 _c1970
300 _a504
630 _a सार्थ श्रीतुलसी रामायण
700 _aजोशी ना.भा.
730 _a सार्थ श्रीतुलसी रामायण
942 _cBOOK
999 _c131718
_d131718